LEADER 01518nam 2200409 450 001 000008289 005 20050718115300.0 010 $a88-233-0227-7 100 $a20010521d1989----km-y0itay0103----ba 101 0 $aita 102 $aIT 200 1 $aRagioneria generale$ecorso di ragioneria generale e applicata$eper la terza classe degli Istituti Tecnici Commerciali$fAstolfi & Negri 210 $aMilano$cTramontana$dc1989 215 $a539 p.$ctabelle$d26 cm. 225 1 $aCollana di economia aziendale per gli Istituti Tecnici Commerciali 300 $aSul dorso: 306 300 $aI nomi propri degli autori sono stati ricavati da fonti esterne alla pubblicazione 606 $aRagioneria 676 $a657.63$v(20. ed.)$9Contabilità privata aziendale 700 1$aAstolfi,$bEugenio$0132927 701 1$aNegri,$bLetizia$0377469 801 0$aIT$bUniversità della Basilicata - B.I.A.$gRICA$2unimarc 912 $a000008289 996 $aRagioneria generale$975224 997 $aUNIBAS BAS $aMONAGR BAS $aMONOGR BAS $aAGRARIA CAT $aOB001$b01$c20010521$lBAS01$h1120 CAT $aTORRE$b20$c20010521$lBAS01$h1348 CAT $c20050601$lBAS01$h1754 CAT $abatch$b01$c20050718$lBAS01$h1049 CAT $c20050718$lBAS01$h1109 CAT $c20050718$lBAS01$h1139 CAT $c20050718$lBAS01$h1153 FMT Z30 -1$lBAS01$LBAS01$mBOOK$1BASA2$APolo Tecnico-Scientifico$2DID$BDidattica$3PTS.s2.p23.1$671360$5A71360$820010521$f04$FPrestabile Didattica LEADER 01333nam0-2200421---450- 001 990000294670203316 005 20051130110011.0 010 $a2-204-04602-7 035 $a0029467 035 $aUSA010029467 035 $a(ALEPH)000029467USA01 035 $a0029467 100 $a20001122d19921992||itaita03-ba----ba 101 $alat$afre 102 $aFR 105 $a|||| ||||| 200 1 $aParabolaire$fGaland de Reigny$gintroduction, texte critique, traduction, notes et index par Colette Friedlander, Jean Leclercq, Gaetano Raciti 210 $aParis$cLes Éditions du Cerf$dcopyr.1992 215 $a470 p.$d20 cm 225 $aSources chrétiennes$v378 300 $aTesto orig. a fronte 410 1$12001$aSources chrétiennes 676 $a252.594 700 0$aGALANDUS : Regniacensis$0287646 702 1$aRACITI,$bGaetano 702 1$aLECLERCQ,$bJean 702 1$aFRIEDLANDER,$bColette 801 0$aIT$bUNFI 912 $a990000294670203316 951 $aV.4. Coll.10/ 210 (VIII A Coll. 26/378)$b150636 L.M.$cVIII A Coll.$d00001717 959 $aBK 969 $aUMA 979 $aTAMI$b40$c20001122$lUSA01$h1339 979 $c20020403$lUSA01$h1637 979 $aPATRY$b90$c20040406$lUSA01$h1621 979 $aCOPAT4$b90$c20051130$lUSA01$h1100 996 $aParabolarium$942897 997 $aUNISA LEADER 03042nam 22005415 450 001 9910300008403321 005 20251116195357.0 010 $a9783319701233 010 $a3319701231 024 7 $a10.1007/978-3-319-70123-3 035 $a(CKB)4100000002892090 035 $a(MiAaPQ)EBC5341267 035 $a(DE-He213)978-3-319-70123-3 035 $a(Perlego)3492621 035 $a(EXLCZ)994100000002892090 100 $a20180306d2018 u| 0 101 0 $aeng 135 $aurcnu|||||||| 181 $ctxt$2rdacontent 182 $cc$2rdamedia 183 $acr$2rdacarrier 200 14$aThe Circulation of Anti-Austerity Protest /$fby Bart Cammaerts 205 $a1st ed. 2018. 210 1$aCham :$cSpringer International Publishing :$cImprint: Palgrave Macmillan,$d2018. 215 $a1 online resource (xii, 218 pages) $cillustrations 311 08$a9783319701226 311 08$a3319701223 320 $aIncludes bibliographical references and index. 327 $a1. Introduction -- 2.Situating the Circulation of Protest -- 3. The Production of Anti-Austerity Discourses and Frames. 4.The Self-Mediation Practices of the Anti-Austerity Movement -- 5. The Media Representation of the Anti-Austerity Movement -- 6. The Reception of Anti-Austerity Discourses and Frames -- 7. Conclusion - Regulating the Circuit. 330 $aIn this book a set of theoretical and methodological resources are presented to study the way in which protest, resistance and social movement discourses circulate through society and looks at the role of media and of communication in this process. Empirically, the focus of this book is on the UK's anti-austerity movement. 'The Circuit of Protest', as developed in this volume, is comprised of an analysis of the discourses of the anti-austerity movement and their corresponding movement frames, and the self-mediation practices geared at communicating these. The mainstream media representations and the reception of the movement discourses and frames by non-activist citizens are also studied. It is concluded that studying a movement through the prism of mediation provides a nuanced assessment in terms of failures and successes of the UK's anti-austerity movement. The book is of relevance to students and researchers of politics, social movements, as well as media and communication, but alsoto activists. 606 $aCommunication 606 $aSocial media 606 $aEurope$xPolitics and government 606 $aMedia and Communication 606 $aSocial Media 606 $aEuropean Politics 615 0$aCommunication. 615 0$aSocial media. 615 0$aEurope$xPolitics and government. 615 14$aMedia and Communication. 615 24$aSocial Media. 615 24$aEuropean Politics. 676 $a306.0941 700 $aCammaerts$b B$g(Bart),$4aut$4http://id.loc.gov/vocabulary/relators/aut$01000325 906 $aBOOK 912 $a9910300008403321 996 $aThe Circulation of Anti-Austerity Protest$92296020 997 $aUNINA